The world aluminum-bauxite market : Policy implications for the United States

This book introduce the world aluminum market before the IBA. Structure of the aluminum market. The aluminum market during world war II. The formation of the international. The international bauxite association and future developments in the aluminum market...

Sparad:
Bibliografiska uppgifter
Huvudupphovsman: Woods, Douglas W.
Materialtyp: Bok
Språk:Undetermined
Publicerad: New York Praeger 1980
Ämnen:
Taggar: Lägg till en tagg
Inga taggar, Lägg till första taggen!
Thư viện lưu trữ: Trung tâm Học liệu Trường Đại học Cần Thơ
LEADER 00889nam a2200205Ia 4500
001 CTU_230133
008 210402s9999 xx 000 0 und d
082 |a 382.424926 
082 |b W894 
100 |a Woods, Douglas W. 
245 4 |a The world aluminum-bauxite market : 
245 0 |b Policy implications for the United States 
245 0 |c Douglas W. Woods, James C. Burrows 
260 |a New York 
260 |b Praeger 
260 |c 1980 
520 |a This book introduce the world aluminum market before the IBA. Structure of the aluminum market. The aluminum market during world war II. The formation of the international. The international bauxite association and future developments in the aluminum market... 
650 |a Thương mại và công nghiệp nhôm,Aluminum industry and trade 
910 |b dqhieu 
980 |a Trung tâm Học liệu Trường Đại học Cần Thơ